Top Causes of Death in India - Statistics

General Stats
  • This quiz has been taken 57 times
  • The average score is 3 of 7
Answer Stats
Causes of Death % Correct
Tumors
100%
Cardiovascular Diseases
70%
Malaria
47%
Respiratory Diseases
32%
Digestive Diseases
23%
Tuberculosis
21%
Diarrhoeal Diseases
9%
No matching quizzes found
Score Distribution
Percent of People with Each Score
Percentile by Number Answered
Your Score History
You have not taken this quiz